|
|
|
|
| LEADER |
00000nam a2200000 a 4500 |
| 001 |
UCW0739 |
| 003 |
CL-VaPUC |
| 008 |
890417e19730000US |||||||||||||||||eng|d |
| 082 |
0 |
4 |
|a 515.352
|b ARN
|2 21
|
| 100 |
0 |
|
|a Arnold, Vladimir Igorevich
|e author
|9 304657
|
| 245 |
1 |
0 |
|a Ordinary differential equations
|
| 300 |
|
|
|a 280 p
|
| 942 |
|
|
|c BK
|
| 945 |
|
|
|d 19890417 00:00:00
|
| 260 |
|
|
|a Cambridge
|b MIT
|c 1973
|
| 650 |
|
0 |
|a Ecuaciones diferenciales
|9 260083
|
| 583 |
|
|
|a last modification
|c 19890417 00:00:00
|k Rodrigo Vera
|
| 999 |
|
|
|c 215800
|d 215798
|
| 952 |
|
|
|0 0
|1 0
|4 0
|6 515_352000000000000_ARN_1973
|7 0
|8 A
|9 200860
|a BIBMAT
|b BIBMAT
|d 2019-11-14
|i 2679868
|o 515.352 ARN 1973
|p 2679868
|r 2025-01-07
|w 2019-11-14
|y BK
|k MAT
|